000 00660cam a22001577a 4500
008 180718b2011 xxu||||| |||| 00| 0 eng d
082 _aAPPPA 2010-11/SAH
100 _aSahai, Sushilesh Mohan
245 _aCyber security: a pre-requisite for effective e-governance (banking sector)
_cby Sushilesh Mohan Sahai
260 _aNew Delhi
_bIndian Institute of Public Administration
_c2011
300 _a103p.
500 _aAn APPPA M.Phil dissertation, 2010-11 (Guide: Mrs. Charru Malhotra)
650 _aBanks and banking --Technological innovations --India
650 _aBanks and banking --Information technology --India.
650 _aInternet banking --India
999 _c502353
_d502353